[Event "U12 Polish Youth Championship"]
[Site "chess24.com"]
[Date "2018.05.03"]
[Round "7"]
[White "Paprocki, Antoni"]
[Black "Matela, Krzysztof"]
[Result "1-0"]
[Board "2"]
[WhiteElo "1808"]
[WhiteCountry "POL"]
[WhiteFideId "21833745"]
[WhiteEloChange "6"]
[BlackElo "1642"]
[BlackCountry "POL"]
[BlackFideId "21828962"]
[BlackEloChange "-6"]

1. e4 {[%clk 1:30:51]} c5 {[%clk 1:30:58]} 2. Nf3 {[%clk 1:31:01]} e6 {[%clk
1:31:13]} 3. d4 {[%clk 1:31:19]} cxd4 {[%clk 1:31:20]} 4. Nxd4 {[%clk 1:31:36]}
a6 {[%clk 1:31:23]} 5. Bd3 {[%clk 1:31:19]} d6 {[%clk 1:31:25]} 6. c4 {[%clk
1:31:12]} b6 {[%clk 1:31:24]} 7. Nc3 {[%clk 1:31:25]} Bb7 {[%clk 1:31:42]} 8. O-O
{[%clk 1:31:21]} Nd7 {[%clk 1:32:00]} 9. f4 {[%clk 1:31:00]} Ngf6 {[%clk
1:32:10]} 10. Qe2 {[%clk 1:31:10]} Qc7 {[%clk 1:31:44]} 11. Kh1 {[%clk 1:31:28]}
Be7 {[%clk 1:30:29]} 12. Bd2 {[%clk 1:30:57]} Rc8 {[%clk 1:26:52]} 13. Rae1
{[%clk 1:30:48]} e5 {[%clk 1:14:21]} 14. Nf5 {[%clk 1:26:39]} g6 {[%clk 1:13:58]}
15. Nxe7 {[%clk 1:26:25]} Kxe7 {[%clk 1:14:16]} 16. fxe5 {[%clk 1:25:43]} dxe5
{[%clk 1:14:27]} 17. Bg5 {[%clk 1:22:57]} h6 {[%clk 1:12:57]} 18. Nd5+ {[%clk
1:22:13]} Bxd5 {[%clk 1:13:21]} 19. Bxf6+ {[%clk 1:22:27]} Nxf6 {[%clk 1:13:34]}
20. exd5 {[%clk 1:22:42]} Nd7 {[%clk 1:13:41]} 21. Qf2 {[%clk 1:15:01]} f5 {[%clk
1:11:48]} 22. g4 {[%clk 1:08:23]} Rcf8 {[%clk 1:04:11]} 23. gxf5 {[%clk 1:08:31]}
gxf5 {[%clk 1:04:34]} 24. Qh4+ {[%clk 1:08:48]} Kd6 {[%clk 1:01:02]} 25. Bxf5
{[%clk 1:06:57]} Qd8 {[%clk 0:58:57]} 26. Qxd8 {[%clk 1:05:38]} Rxd8 {[%clk
0:59:02]} 27. Bxd7 {[%clk 1:05:59]} Rxd7 {[%clk 0:59:06]} 28. Rf6+ {[%clk
1:06:21]} Kc5 {[%clk 0:59:32]} 29. b3 {[%clk 1:05:29]} Kd4 {[%clk 0:59:49]} 30.
Re6 {[%clk 1:05:37]} b5 {[%clk 0:59:58]} 31. R6xe5 {[%clk 1:05:45]} bxc4 {[%clk
0:59:15]} 32. R1e4+ {[%clk 1:06:07]} Kd3 {[%clk 0:59:26]} 33. bxc4 {[%clk
1:06:27]} Rg7 {[%clk 0:59:45]} 34. c5 {[%clk 1:06:02]} Rhg8 {[%clk 1:00:04]} 35.
Re1 {[%clk 1:06:18]} Kd4 {[%clk 1:00:26]} 36. d6 {[%clk 1:05:58]} Rc8 {[%clk
1:00:18]} 37. Re7 {[%clk 1:05:38]} Rg6 {[%clk 1:00:16]} 38. d7 {[%clk 1:05:49]}
Rd8 {[%clk 1:00:41]} 39. Re8 {[%clk 1:06:02]} Rxd7 {[%clk 1:01:04]} 40. Rd1+
{[%clk 1:06:26]} 1-0

[Event "U12 Polish Youth Championship"]
[Site "chess24.com"]
[Date "2018.05.03"]
[Round "7"]
[White "Trzebinski, Patryk"]
[Black "Wnek, Filip"]
[Result "1-0"]
[Board "3"]
[WhiteElo "1628"]
[WhiteCountry "POL"]
[WhiteFideId "21839034"]
[WhiteEloChange "14"]
[BlackElo "1760"]
[BlackCountry "POL"]
[BlackFideId "21833281"]
[BlackEloChange "-14"]

1. e4 {[%clk 1:30:58]} c5 {[%clk 1:29:48]} 2. Nf3 {[%clk 1:31:11]} Nc6 {[%clk
1:28:53]} 3. d4 {[%clk 1:31:25]} cxd4 {[%clk 1:27:49]} 4. Nxd4 {[%clk 1:31:26]}
Nf6 {[%clk 1:26:37]} 5. Nc3 {[%clk 1:29:48]} e5 {[%clk 1:24:46]} 6. Ndb5 {[%clk
1:29:05]} d6 {[%clk 1:24:20]} 7. Bg5 {[%clk 1:28:46]} a6 {[%clk 1:23:41]} 8. Na3
{[%clk 1:29:00]} b5 {[%clk 1:22:45]} 9. Nd5 {[%clk 1:28:28]} Be7 {[%clk 1:21:59]}
10. Bxf6 {[%clk 1:28:33]} Bxf6 {[%clk 1:20:56]} 11. c4 {[%clk 1:27:14]} O-O
{[%clk 1:13:10]} 12. cxb5 {[%clk 1:25:20]} Nd4 {[%clk 1:13:28]} 13. bxa6 {[%clk
1:24:12]} Bg5 {[%clk 1:11:30]} 14. Nc2 {[%clk 1:19:19]} Bg4 {[%clk 1:05:44]} 15.
Qd3 {[%clk 1:17:50]} Nxc2+ {[%clk 1:03:22]} 16. Qxc2 {[%clk 1:18:00]} Rc8 {[%clk
1:03:43]} 17. Nc3 {[%clk 1:12:24]} Qa5 {[%clk 0:25:12]} 18. Bd3 {[%clk 1:10:48]}
d5 {[%clk 0:13:24]} 19. exd5 {[%clk 1:09:36]} f5 {[%clk 0:07:55]} 20. O-O {[%clk
1:09:02]} e4 {[%clk 0:08:15]} 21. Be2 {[%clk 1:08:38]} Bxe2 {[%clk 0:07:04]} 22.
Qxe2 {[%clk 1:09:01]} Qb4 {[%clk 0:07:10]} 23. Qb5 {[%clk 1:05:02]} Qd6 {[%clk
0:06:47]} 24. Rfd1 {[%clk 1:02:40]} Rfe8 {[%clk 0:06:01]} 25. Qb7 {[%clk
1:01:12]} e3 {[%clk 0:02:53]} 26. fxe3 {[%clk 1:00:27]} Bxe3+ {[%clk 0:03:14]}
27. Kh1 {[%clk 1:00:50]} Bf4 {[%clk 0:03:13]} 28. Nb5 {[%clk 0:58:47]} Qe5 {[%clk
0:03:35]} 29. d6 {[%clk 0:56:51]} Bc1 {[%clk 0:02:54]} 30. h3 {[%clk 0:55:59]}
Qg3 {[%clk 0:00:34]} 31. Qd5+ {[%clk 0:53:15]} Kf8 {[%clk 0:00:33]} 32. Qxf5+
{[%clk 0:52:49]} Kg8 {[%clk 0:00:45]} 33. Qd5+ {[%clk 0:53:10]} Kh8 {[%clk
0:00:52]} 34. Raxc1 {[%clk 0:52:32]} Rxc1 {[%clk 0:00:46]} 35. Rxc1 {[%clk
0:52:55]} Re1+ {[%clk 0:01:11]} 36. Rxe1 {[%clk 0:53:18]} Qxe1+ {[%clk 0:01:38]}
37. Kh2 {[%clk 0:53:31]} 1-0

[Event "U12 Polish Youth Championship"]
[Site "chess24.com"]
[Date "2018.05.03"]
[Round "7"]
[White "Jeda, Maciej"]
[Black "Meers, Hubert"]
[Result "0-1"]
[Board "4"]
[WhiteElo "1751"]
[WhiteCountry "POL"]
[WhiteFideId "21857679"]
[WhiteEloChange "-10"]
[BlackElo "1737"]
[BlackCountry "POL"]
[BlackFideId "21817014"]
[BlackEloChange "10"]

1. e4 {[%clk 1:30:58]} g6 {[%clk 1:30:52]} 2. d4 {[%clk 1:31:22]} Bg7 {[%clk
1:31:11]} 3. c4 {[%clk 1:30:40]} d6 {[%clk 1:31:25]} 4. Nc3 {[%clk 1:30:57]} Nf6
{[%clk 1:31:50]} 5. g3 {[%clk 1:30:25]} O-O {[%clk 1:31:28]} 6. Bg2 {[%clk
1:30:51]} e5 {[%clk 1:21:49]} 7. Nf3 {[%clk 1:30:12]} Nc6 {[%clk 1:21:42]} 8. d5
{[%clk 1:30:38]} Ne7 {[%clk 1:22:00]} 9. O-O {[%clk 1:30:40]} Ne8 {[%clk
1:21:39]} 10. Ne1 {[%clk 1:30:37]} f5 {[%clk 1:15:57]} 11. f3 {[%clk 1:27:44]}
Nf6 {[%clk 1:11:15]} 12. Nd3 {[%clk 1:27:54]} b6 {[%clk 1:09:37]} 13. Be3 {[%clk
1:27:30]} Nh5 {[%clk 1:06:51]} 14. Qd2 {[%clk 1:18:05]} Ba6 {[%clk 0:56:03]} 15.
b3 {[%clk 1:16:23]} f4 {[%clk 0:56:05]} 16. Bf2 {[%clk 1:13:42]} fxg3 {[%clk
0:54:07]} 17. hxg3 {[%clk 1:13:02]} h6 {[%clk 0:48:27]} 18. a4 {[%clk 1:08:22]}
g5 {[%clk 0:46:39]} 19. a5 {[%clk 1:04:49]} Ng6 {[%clk 0:43:22]} 20. Be1 {[%clk
0:59:49]} Qd7 {[%clk 0:28:33]} 21. Rc1 {[%clk 0:40:13]} Rf7 {[%clk 0:27:52]} 22.
Ne2 {[%clk 0:33:09]} Raf8 {[%clk 0:23:10]} 23. Nf2 {[%clk 0:29:03]} Bc8 {[%clk
0:19:49]} 24. Bh3 {[%clk 0:27:54]} Qe8 {[%clk 0:18:21]} 25. Bg2 {[%clk 0:13:03]}
Rf6 {[%clk 0:16:02]} 26. Rc3 {[%clk 0:06:58]} Qf7 {[%clk 0:15:36]} 27. g4 {[%clk
0:05:16]} Nhf4 {[%clk 0:15:42]} 28. Bh1 {[%clk 0:04:50]} Nxe2+ {[%clk 0:14:55]}
29. Qxe2 {[%clk 0:05:12]} Nh4 {[%clk 0:13:29]} 30. Nh3 {[%clk 0:02:43]} Bxg4
{[%clk 0:13:37]} 31. fxg4 {[%clk 0:01:46]} Rxf1+ {[%clk 0:13:54]} 32. Kh2 {[%clk
0:02:12]} Rxh1+ {[%clk 0:12:37]} 33. Kxh1 {[%clk 0:02:34]} Qf1+ {[%clk 0:13:02]}
34. Ng1 {[%clk 0:02:55]} Qxe2 {[%clk 0:13:16]} 0-1

[Event "U12 Polish Youth Championship"]
[Site "chess24.com"]
[Date "2018.05.03"]
[Round "7"]
[White "Klimkowski, Jan"]
[Black "Karolczuk, Iwo"]
[Result "1-0"]
[Board "5"]
[WhiteElo "1836"]
[WhiteCountry "POL"]
[WhiteFideId "21856222"]
[WhiteEloChange "7"]
[BlackElo "1723"]
[BlackCountry "POL"]
[BlackFideId "21816972"]
[BlackEloChange "-7"]

1. e4 {[%clk 1:30:57]} c5 {[%clk 1:30:56]} 2. Nf3 {[%clk 1:31:07]} e6 {[%clk
1:31:14]} 3. d4 {[%clk 1:31:32]} cxd4 {[%clk 1:31:35]} 4. Nxd4 {[%clk 1:31:54]}
a6 {[%clk 1:31:53]} 5. Nc3 {[%clk 1:32:05]} Qc7 {[%clk 1:32:12]} 6. Bd3 {[%clk
1:32:22]} Nf6 {[%clk 1:32:10]} 7. f4 {[%clk 1:32:18]} d6 {[%clk 1:32:35]} 8. Qf3
{[%clk 1:32:39]} h5 {[%clk 1:31:48]} 9. h3 {[%clk 1:30:35]} b5 {[%clk 1:28:26]}
10. Be3 {[%clk 1:28:36]} Bb7 {[%clk 1:28:28]} 11. O-O-O {[%clk 1:28:40]} h4
{[%clk 1:26:05]} 12. Kb1 {[%clk 1:27:19]} b4 {[%clk 1:23:03]} 13. Nce2 {[%clk
1:26:54]} Nbd7 {[%clk 1:22:49]} 14. Nb3 {[%clk 1:22:37]} a5 {[%clk 1:20:11]} 15.
Ned4 {[%clk 1:20:59]} Nc5 {[%clk 1:19:24]} 16. Bb5+ {[%clk 1:17:19]} Ncd7 {[%clk
1:17:36]} 17. f5 {[%clk 1:12:01]} Bxe4 {[%clk 1:15:25]} 18. Qe2 {[%clk 1:11:22]}
e5 {[%clk 1:14:03]} 19. Ne6 {[%clk 1:11:14]} fxe6 {[%clk 1:13:48]} 20. fxe6
{[%clk 1:11:15]} Bc6 {[%clk 1:13:34]} 21. exd7+ {[%clk 1:10:55]} Qxd7 {[%clk
1:13:27]} 22. Bc4 {[%clk 1:09:24]} Qc7 {[%clk 1:06:49]} 23. Bg5 {[%clk 1:04:14]}
Be7 {[%clk 1:05:58]} 24. Bxf6 {[%clk 1:01:32]} Bxf6 {[%clk 1:06:12]} 25. Nd4
{[%clk 1:01:17]} Bd7 {[%clk 1:03:58]} 26. Bb5 {[%clk 0:55:17]} Qb7 {[%clk
1:01:08]} 27. Nf5 {[%clk 0:53:32]} Be7 {[%clk 0:57:24]} 28. Bxd7+ {[%clk
0:49:14]} Qxd7 {[%clk 0:55:41]} 29. Qe4 {[%clk 0:46:37]} Rc8 {[%clk 0:53:39]} 30.
Nxg7+ {[%clk 0:46:06]} Kd8 {[%clk 0:53:33]} 31. Qg6 {[%clk 0:40:47]} Kc7 {[%clk
0:53:23]} 32. Rhf1 {[%clk 0:39:53]} Kb7 {[%clk 0:52:03]} 33. Rf7 {[%clk 0:36:51]}
Rc6 {[%clk 0:50:19]} 34. Nf5 {[%clk 0:35:48]} Re8 {[%clk 0:48:34]} 35. Rxd6
{[%clk 0:33:48]} Rxd6 {[%clk 0:47:35]} 36. Qxd6 {[%clk 0:34:03]} Kc8 {[%clk
0:42:48]} 37. Rxe7 {[%clk 0:33:06]} 1-0

[Event "U12 Polish Youth Championship"]
[Site "chess24.com"]
[Date "2018.05.03"]
[Round "7"]
[White "Wieczorek, Mikolaj"]
[Black "Dziewonski, Dariusz"]
[Result "1-0"]
[Board "6"]
[WhiteElo "1761"]
[WhiteCountry "POL"]
[WhiteFideId "21827702"]
[WhiteEloChange "11"]
[BlackElo "1805"]
[BlackCountry "POL"]
[BlackFideId "21835829"]
[BlackEloChange "-11"]

1. e4 {[%clk 1:30:58]} c5 {[%clk 1:30:51]} 2. Nf3 {[%clk 1:31:20]} e6 {[%clk
1:31:06]} 3. d4 {[%clk 1:31:46]} cxd4 {[%clk 1:31:25]} 4. Nxd4 {[%clk 1:32:13]}
a6 {[%clk 1:31:45]} 5. Nc3 {[%clk 1:32:31]} Qc7 {[%clk 1:32:05]} 6. Bd3 {[%clk
1:32:53]} Nf6 {[%clk 1:32:19]} 7. O-O {[%clk 1:33:13]} d6 {[%clk 1:32:28]} 8. Be3
{[%clk 1:33:03]} Nbd7 {[%clk 1:31:14]} 9. f4 {[%clk 1:33:21]} Be7 {[%clk
1:30:40]} 10. Kh1 {[%clk 1:33:30]} b5 {[%clk 1:30:18]} 11. a3 {[%clk 1:32:48]}
Bb7 {[%clk 1:29:33]} 12. Qf3 {[%clk 1:30:39]} Nc5 {[%clk 1:19:05]} 13. Nb3 {[%clk
1:27:03]} Nfd7 {[%clk 1:13:34]} 14. Qg3 {[%clk 1:22:25]} Bf6 {[%clk 1:10:33]} 15.
Bd4 {[%clk 1:19:01]} Bxd4 {[%clk 1:03:14]} 16. Nxd4 {[%clk 1:19:18]} O-O {[%clk
1:02:12]} 17. f5 {[%clk 1:11:41]} Kh8 {[%clk 0:56:49]} 18. Qh3 {[%clk 1:06:05]}
e5 {[%clk 0:52:40]} 19. Nf3 {[%clk 1:01:35]} f6 {[%clk 0:44:49]} 20. Nh4 {[%clk
1:00:59]} Kg8 {[%clk 0:43:53]} 21. a4 {[%clk 0:55:31]} b4 {[%clk 0:41:43]} 22.
Bc4+ {[%clk 0:55:45]} Rf7 {[%clk 0:38:48]} 23. Nd5 {[%clk 0:49:59]} Bxd5 {[%clk
0:37:49]} 24. Bxd5 {[%clk 0:50:21]} Nb6 {[%clk 0:34:46]} 25. Bxa8 {[%clk
0:49:01]} Nxa8 {[%clk 0:34:59]} 26. Qe3 {[%clk 0:47:21]} Qc6 {[%clk 0:31:36]} 27.
Rfe1 {[%clk 0:46:10]} a5 {[%clk 0:29:59]} 28. b3 {[%clk 0:40:07]} Nb6 {[%clk
0:27:12]} 29. Rad1 {[%clk 0:39:13]} Rd7 {[%clk 0:23:55]} 30. c4 {[%clk 0:37:12]}
Nc8 {[%clk 0:21:38]} 31. Nf3 {[%clk 0:35:59]} Rb7 {[%clk 0:17:54]} 32. Rd2 {[%clk
0:33:49]} Qb6 {[%clk 0:16:20]} 33. g4 {[%clk 0:32:21]} Nd7 {[%clk 0:15:05]} 34.
Qxb6 {[%clk 0:29:54]} Rxb6 {[%clk 0:14:33]} 35. h4 {[%clk 0:29:58]} Nc5 {[%clk
0:13:54]} 36. Re3 {[%clk 0:30:21]} Kf7 {[%clk 0:10:30]} 37. g5 {[%clk 0:29:29]}
Rb7 {[%clk 0:10:09]} 38. Ne1 {[%clk 0:26:00]} Rd7 {[%clk 0:09:28]} 39. Nd3 {[%clk
0:25:13]} Nxb3 {[%clk 0:06:45]} 40. Nxe5+ {[%clk 0:25:25]} fxe5 {[%clk 0:07:11]}
41. Rxb3 {[%clk 0:25:49]} Rc7 {[%clk 0:06:44]} 42. Kg2 {[%clk 0:23:12]} Rxc4
{[%clk 0:06:29]} 43. Kf3 {[%clk 0:22:43]} Ke7 {[%clk 0:05:50]} 44. Rd5 {[%clk
0:22:27]} Rc5 {[%clk 0:04:37]} 45. Rbd3 {[%clk 0:21:04]} Rc1 {[%clk 0:01:55]} 46.
Rxa5 {[%clk 0:19:58]} Rf1+ {[%clk 0:02:08]} 47. Kg3 {[%clk 0:18:58]} Re1 {[%clk
0:01:11]} 48. Rb5 {[%clk 0:18:19]} Rxe4 {[%clk 0:01:19]} 49. Rb7+ {[%clk
0:18:44]} Kf8 {[%clk 0:00:41]} 50. Rc7 {[%clk 0:17:16]} Ne7 {[%clk 0:00:42]} 51.
a5 {[%clk 0:14:15]} Nxf5+ {[%clk 0:00:50]} 52. Kf2 {[%clk 0:13:32]} Rxh4 {[%clk
0:00:33]} 53. Rf3 {[%clk 0:13:20]} g6 {[%clk 0:00:41]} 54. a6 {[%clk 0:13:19]}
Rh2+ {[%clk 0:00:33]} 55. Kg1 {[%clk 0:13:41]} Ra2 {[%clk 0:00:50]} 56. a7 {[%clk
0:14:02]} e4 {[%clk 0:01:07]} 57. Rxf5+ {[%clk 0:13:13]} gxf5 {[%clk 0:01:26]}
58. Rc8+ {[%clk 0:13:41]} Kf7 {[%clk 0:01:23]} 59. a8Q {[%clk 0:14:06]} Rxa8
{[%clk 0:01:47]} 60. Rxa8 {[%clk 0:14:32]} Kg6 {[%clk 0:01:29]} 61. Ra6 {[%clk
0:14:07]} Kxg5 {[%clk 0:01:28]} 62. Rxd6 {[%clk 0:14:21]} h5 {[%clk 0:01:01]} 63.
Rb6 {[%clk 0:14:25]} Kg4 {[%clk 0:00:35]} 64. Rxb4 {[%clk 0:14:04]} h4 {[%clk
0:00:53]} 65. Kg2 {[%clk 0:14:23]} h3+ {[%clk 0:00:38]} 66. Kf2 {[%clk 0:13:29]}
h2 {[%clk 0:00:34]} 67. Kg2 {[%clk 0:13:56]} h1Q+ {[%clk 0:01:04]} 68. Kxh1
{[%clk 0:14:24]} Kf3 {[%clk 0:01:10]} 69. Kg1 {[%clk 0:14:50]} Ke2 {[%clk
0:00:49]} 70. Kg2 {[%clk 0:14:48]} Kd3 {[%clk 0:00:31]} 71. Kf2 {[%clk 0:14:55]}
f4 {[%clk 0:00:55]} 72. Rb3+ {[%clk 0:14:11]} Kd2 {[%clk 0:01:21]} 73. Ra3 {[%clk
0:13:40]} e3+ {[%clk 0:00:56]} 74. Kf3 {[%clk 0:14:05]} Ke1 {[%clk 0:00:43]} 75.
Ra2 {[%clk 0:13:52]} Kd1 {[%clk 0:01:04]} 76. Rh2 {[%clk 0:14:12]} Ke1 {[%clk
0:01:13]} 77. Kxf4 {[%clk 0:14:27]} 1-0

[Event "U12 Polish Youth Championship"]
[Site "chess24.com"]
[Date "2018.05.03"]
[Round "7"]
[White "Wojdak, Jan"]
[Black "Fiszer, Bartosz"]
[Result "0-1"]
[Board "7"]
[WhiteElo "1795"]
[WhiteCountry "POL"]
[WhiteFideId "21817111"]
[WhiteEloChange "-5"]
[BlackElo "2004"]
[BlackTitle "CM"]
[BlackCountry "POL"]
[BlackFideId "21810133"]
[BlackEloChange "5"]

1. e4 {[%clk 1:30:25]} c5 {[%clk 1:30:56]} 2. Nf3 {[%clk 1:30:48]} d6 {[%clk
1:31:13]} 3. d4 {[%clk 1:31:06]} cxd4 {[%clk 1:31:38]} 4. Nxd4 {[%clk 1:31:22]}
Nf6 {[%clk 1:32:03]} 5. Nc3 {[%clk 1:31:31]} Nc6 {[%clk 1:32:28]} 6. Bg5 {[%clk
1:31:22]} e6 {[%clk 1:32:48]} 7. Qd2 {[%clk 1:31:38]} a6 {[%clk 1:33:14]} 8.
O-O-O {[%clk 1:31:34]} Bd7 {[%clk 1:33:37]} 9. f3 {[%clk 1:30:32]} Be7 {[%clk
1:34:01]} 10. g4 {[%clk 1:27:25]} h5 {[%clk 1:34:26]} 11. gxh5 {[%clk 1:24:06]}
Nxh5 {[%clk 1:34:45]} 12. Bxe7 {[%clk 1:21:47]} Qxe7 {[%clk 1:35:05]} 13. Rg1
{[%clk 1:04:43]} O-O-O {[%clk 1:33:08]} 14. Nb3 {[%clk 0:56:42]} Ne5 {[%clk
1:25:56]} 15. Qe3 {[%clk 0:50:36]} Bc6 {[%clk 1:23:00]} 16. f4 {[%clk 0:50:14]}
Ng6 {[%clk 1:22:07]} 17. f5 {[%clk 0:46:35]} exf5 {[%clk 1:14:29]} 18. Bh3 {[%clk
0:46:21]} Nh4 {[%clk 1:12:13]} 19. Nd4 {[%clk 0:43:08]} Kb8 {[%clk 1:05:38]} 20.
Nxf5 {[%clk 0:40:20]} Nxf5 {[%clk 1:05:46]} 21. Bxf5 {[%clk 0:40:32]} g6 {[%clk
1:05:21]} 22. Bg4 {[%clk 0:40:21]} Nf6 {[%clk 1:04:31]} 23. Bf3 {[%clk 0:39:09]}
Rxh2 {[%clk 0:59:24]} 24. Qf4 {[%clk 0:39:06]} Rhh8 {[%clk 0:59:05]} 25. Rde1
{[%clk 0:33:37]} Nd7 {[%clk 0:57:19]} 26. Ne2 {[%clk 0:32:19]} Qf6 {[%clk
0:56:26]} 27. Qxf6 {[%clk 0:32:04]} Nxf6 {[%clk 0:56:48]} 28. Nd4 {[%clk
0:32:30]} Nd7 {[%clk 0:57:02]} 29. Nxc6+ {[%clk 0:31:23]} bxc6 {[%clk 0:57:24]}
30. Be2 {[%clk 0:31:10]} Kb7 {[%clk 0:57:34]} 31. Rg3 {[%clk 0:31:29]} a5 {[%clk
0:53:12]} 32. Rf1 {[%clk 0:29:59]} Ne5 {[%clk 0:52:41]} 33. Rb3+ {[%clk 0:28:00]}
Kc7 {[%clk 0:52:44]} 34. Ra3 {[%clk 0:25:13]} Ra8 {[%clk 0:52:32]} 35. Rc3 {[%clk
0:25:00]} Rh4 {[%clk 0:51:33]} 36. Bd3 {[%clk 0:23:58]} g5 {[%clk 0:49:39]} 37.
Rf5 {[%clk 0:20:35]} g4 {[%clk 0:49:37]} 38. Be2 {[%clk 0:20:11]} Rg8 {[%clk
0:48:47]} 39. Rg3 {[%clk 0:18:53]} Rh3 {[%clk 0:46:41]} 40. Rg2 {[%clk 0:18:24]}
g3 {[%clk 0:45:02]} 41. Rf1 {[%clk 0:18:35]} Rg5 {[%clk 0:29:56]} 42. Kd2 {[%clk
0:18:11]} Kd7 {[%clk 0:26:04]} 43. Ke3 {[%clk 0:18:01]} Ke7 {[%clk 0:25:33]} 44.
c3 {[%clk 0:16:20]} Ng6 {[%clk 0:21:55]} 45. Bf3 {[%clk 0:11:40]} Nh4 {[%clk
0:21:33]} 46. Kf4 {[%clk 0:08:11]} Rg6 {[%clk 0:20:24]} 47. Rfg1 {[%clk 0:06:00]}
Nxg2+ {[%clk 0:20:22]} 48. Rxg2 {[%clk 0:06:13]} Rh4+ {[%clk 0:15:17]} 49. Ke3
{[%clk 0:06:37]} Rh1 {[%clk 0:14:44]} 50. Kf4 {[%clk 0:05:28]} Rb1 {[%clk
0:13:51]} 51. Bg4 {[%clk 0:05:08]} Rf1+ {[%clk 0:12:35]} 52. Kxg3 {[%clk
0:05:12]} d5 {[%clk 0:12:12]} 53. e5 {[%clk 0:04:21]} Rg5 {[%clk 0:12:25]} 54. e6
{[%clk 0:03:11]} f5 {[%clk 0:12:38]} 0-1

[Event "U12 Polish Youth Championship"]
[Site "chess24.com"]
[Date "2018.05.03"]
[Round "7"]
[White "Bogusz, Alan"]
[Black "Paszkowski, Krystian"]
[Result "0-1"]
[Board "8"]
[WhiteElo "1683"]
[WhiteCountry "POL"]
[WhiteFideId "21810060"]
[WhiteEloChange "-13"]
[BlackElo "1563"]
[BlackCountry "POL"]
[BlackFideId "21853002"]
[BlackEloChange "13"]

1. d4 {[%clk 1:30:57]} Nf6 {[%clk 1:30:55]} 2. c4 {[%clk 1:31:23]} e6 {[%clk
1:31:21]} 3. Nf3 {[%clk 1:31:47]} Bb4+ {[%clk 1:31:09]} 4. Bd2 {[%clk 1:31:34]}
Bxd2+ {[%clk 1:30:48]} 5. Nbxd2 {[%clk 1:31:54]} b6 {[%clk 1:31:05]} 6. g3 {[%clk
1:32:03]} Bb7 {[%clk 1:31:29]} 7. Bg2 {[%clk 1:32:25]} O-O {[%clk 1:29:53]} 8.
O-O {[%clk 1:32:50]} d5 {[%clk 1:23:57]} 9. Ne5 {[%clk 1:32:22]} Qd6 {[%clk
1:21:25]} 10. Rc1 {[%clk 1:31:10]} Nbd7 {[%clk 1:20:45]} 11. f4 {[%clk 1:30:12]}
Rac8 {[%clk 1:14:58]} 12. e3 {[%clk 1:26:33]} c5 {[%clk 1:03:39]} 13. g4 {[%clk
1:24:59]} cxd4 {[%clk 0:55:36]} 14. exd4 {[%clk 1:25:20]} Ba6 {[%clk 0:54:00]}
15. g5 {[%clk 1:23:22]} Ne8 {[%clk 0:53:41]} 16. Qa4 {[%clk 1:19:20]} Nb8 {[%clk
0:52:23]} 17. Nb3 {[%clk 1:13:09]} dxc4 {[%clk 0:50:32]} 18. Nxc4 {[%clk
1:13:28]} Qe7 {[%clk 0:42:00]} 19. Ne5 {[%clk 1:10:02]} Nd6 {[%clk 0:30:48]} 20.
Rfd1 {[%clk 1:08:27]} Bb5 {[%clk 0:25:40]} 21. Qb4 {[%clk 1:08:01]} a5 {[%clk
0:25:03]} 22. Qe1 {[%clk 1:08:10]} Ba4 {[%clk 0:20:18]} 23. Rc3 {[%clk 1:07:11]}
Nb5 {[%clk 0:18:56]} 24. Rh3 {[%clk 1:06:38]} Rfd8 {[%clk 0:17:25]} 25. Be4
{[%clk 1:05:34]} g6 {[%clk 0:16:51]} 26. Rdd3 {[%clk 1:04:12]} Bxb3 {[%clk
0:16:07]} 27. axb3 {[%clk 1:02:47]} Rxd4 {[%clk 0:14:03]} 28. Ng4 {[%clk
0:57:33]} Nd7 {[%clk 0:12:21]} 29. Rde3 {[%clk 0:55:41]} Qc5 {[%clk 0:11:20]} 30.
Rc3 {[%clk 0:55:18]} Nxc3 {[%clk 0:09:47]} 31. Rxc3 {[%clk 0:55:34]} Rxe4+ {[%clk
0:09:42]} 32. Ne3 {[%clk 0:55:56]} Rxe3 {[%clk 0:08:18]} 33. Qxe3 {[%clk
0:56:19]} Qxe3+ {[%clk 0:07:58]} 34. Rxe3 {[%clk 0:56:37]} Rc1+ {[%clk 0:08:22]}
35. Kf2 {[%clk 0:57:01]} Rc2+ {[%clk 0:08:46]} 36. Re2 {[%clk 0:57:21]} Rxe2+
{[%clk 0:09:11]} 37. Kxe2 {[%clk 0:57:35]} Nc5 {[%clk 0:09:34]} 0-1

[Event "U12 Polish Youth Championship"]
[Site "chess24.com"]
[Date "2018.05.03"]
[Round "7"]
[White "Backiel, Hubert"]
[Black "Krahel, Karol"]
[Result "1-0"]
[Board "9"]
[WhiteElo "1653"]
[WhiteCountry "POL"]
[WhiteFideId "21838631"]
[WhiteEloChange "4"]
[BlackElo "1427"]
[BlackCountry "POL"]
[BlackFideId "21853517"]
[BlackEloChange "-4"]

1. c4 {[%clk 1:30:54]} f5 {[%clk 1:30:56]} 2. g3 {[%clk 1:29:45]} Nf6 {[%clk
1:31:08]} 3. Bg2 {[%clk 1:30:06]} g6 {[%clk 1:31:31]} 4. Nf3 {[%clk 1:27:31]} Bg7
{[%clk 1:31:38]} 5. O-O {[%clk 1:27:37]} O-O {[%clk 1:31:51]} 6. Nc3 {[%clk
1:26:44]} d6 {[%clk 1:31:09]} 7. d3 {[%clk 1:18:44]} e5 {[%clk 1:29:47]} 8. Bd2
{[%clk 1:18:23]} Nc6 {[%clk 1:29:18]} 9. Rb1 {[%clk 1:18:43]} Be6 {[%clk
1:28:30]} 10. b4 {[%clk 1:18:52]} Nh5 {[%clk 1:19:46]} 11. Ng5 {[%clk 1:17:37]}
Nd4 {[%clk 1:10:29]} 12. Nxe6 {[%clk 1:15:58]} Nxe6 {[%clk 1:10:36]} 13. Bxb7
{[%clk 1:16:21]} Rb8 {[%clk 1:10:58]} 14. Bd5 {[%clk 1:15:30]} Qe7 {[%clk
1:08:21]} 15. Qa4 {[%clk 1:14:19]} f4 {[%clk 0:57:37]} 16. Qxa7 {[%clk 1:13:06]}
Kh8 {[%clk 0:53:24]} 17. Qa4 {[%clk 1:07:30]} Rf5 {[%clk 0:33:46]} 18. Bg2 {[%clk
1:01:19]} Rg5 {[%clk 0:25:06]} 19. Ne4 {[%clk 0:58:49]} Nd4 {[%clk 0:18:15]} 20.
Qd1 {[%clk 0:54:18]} Bh6 {[%clk 0:12:54]} 21. Nxg5 {[%clk 0:51:52]} Bxg5 {[%clk
0:13:13]} 22. e3 {[%clk 0:51:55]} f3 {[%clk 0:12:14]} 23. Bxf3 {[%clk 0:52:01]}
Nxf3+ {[%clk 0:12:08]} 24. Qxf3 {[%clk 0:52:26]} Rf8 {[%clk 0:12:31]} 25. Qg2
{[%clk 0:52:28]} Rf5 {[%clk 0:10:30]} 26. g4 {[%clk 0:52:14]} Rf8 {[%clk
0:10:25]} 27. gxh5 {[%clk 0:52:08]} gxh5 {[%clk 0:10:47]} 28. Kh1 {[%clk
0:52:14]} Rg8 {[%clk 0:09:59]} 29. Rg1 {[%clk 0:52:33]} Qf7 {[%clk 0:10:02]} 30.
h4 {[%clk 0:52:08]} 1-0